000 00892 a2200265 4500
003 CBULib
005 20240126071906.0
008 240123b |||||||| |||| 00| 0 eng d
040 _aCBULib
_bEnglish
_cCBULib
_dCBULib
_erda
041 _aeng
050 _aCBU-PG THESIS/KAS
100 _aKasambala, Odria
_92107
245 _aEffect of women savings groups' empowerment on family livelihood: case of Chibuluma
_c/ by Odria Kasambala
260 _bCopperbelt University,
_c2023
_aKitwe :
300 _avii ,69pages : illustrations
336 _2rdacontent
_aText |
_btxt
337 _2rdamedia
_aUnmediated |
_bn
338 _2rdacarrier
_aVolume
_bnc
500 _aincludes bibliographical references and appendices
650 0 _92108
_aWOMEN
650 0 _92109
_aWOMEN SAVINGS GROUPS' EMPOWERMENT
650 0 _92110
_aFAMILY LIVELIHOOD
650 0 _92111
_aCHIBULUMA
942 _2mc
_c030
999 _c84206
_d84206